[Event "Mumbai Wealth op U13 4th"]
[Site "Mumbai"]
[Date "2019.01.05"]
[Round "7"]
[White "Bhagyashree, G Patil"]
[Black "Nehete, Arnav"]
[Result "0-1"]
[WhiteElo "1215"]
[BlackElo "1544"]
[PlyCount "160"]
[EventDate "2018.12.30"]
[EventType "swiss"]
[EventRounds "9"]
[EventCountry "IND"]
[SourceTitle "CBM 188 Extra"]
[Source "ChessBase"]
[SourceDate "2019.02.26"]
[SourceVersion "1"]
[SourceVersionDate "2019.02.26"]
[SourceQuality "1"]

1. e4 c6 2. d4 d5 3. exd5 cxd5 4. Bd3 Nc6 5. c3 Qc7 6. h3 e6 7. Nf3 Bd6 8. 0-0 Nge7 9. Be3 Ng6 10. Nbd2 0-0 11. Nb3 Bf4 12. Bxf4 Nxf4 13. Bc2 b6 14. Ng5 h6 15. Nf3 Re8 16. Qd2 Ba6 17. Rfe1 Rac8 18. Rac1 Nh5 19. Ne5 Nf6 20. Kh1 Ne7 21. Qe3 Bb7 22. Bd3 Ne4 23. Bxe4 dxe4 24. Nd2 f6 25. Ng4 h5 26. Nh2 Nf5 27. Qe2 e3 28. Ndf1 exf2 29. Qxf2 h4 30. Nf3 Qf4 31. Qd2 Qxd2 32. N1xd2 Rcd8 33. Rcd1 g5 34. Ne4 Bxe4 35. Nd2 Bb7 36. Nf1 Ba6 37. Ne3 Nxe3 38. Rxe3 e5 39. Ree1 exd4 40. cxd4 Rxe1+ 41. Rxe1 Rxd4 42. Re7 Ra4 43. Rxa7 Rxa2 44. b4 Bc4 45. Rb7 b5 46. Rb8+ Kg7 47. Rb7+ Kg6 48. Rb8 Rb2 49. Kg1 Rxb4 50. Rd8 Rb3 51. Rd2 Kf5 52. Kf2 Ra3 53. Kg1 Ra1+ 54. Kh2 Ke4 55. Rf2 f5 56. Rb2 Ra2 57. Rb1 Kd3 58. Rd1+ Rd2 59. Re1 Bd5 60. Rg1 Rxg2+ 61. Rxg2 Bxg2 62. Kxg2 f4 63. Kf3 b4 64. Kf2 b3 65. Kf3 b2 66. Kg4 b1Q 67. Kxg5 Qg1+ 68. Kxf4 Qg3+ 69. Kf5 Qf3+ 70. Kg5 Qg3+ 71. Kf5 Qxh3+ 72. Kg5 Qg3+ 73. Kf5 h3 74. Kf6 h2 75. Kf5 h1R 76. Ke6 Rf1 77. Kd5 Rf5+ 78. Kc6 Qg6+ 79. Kc7 Rf7+ 80. Kc8 Qg8# 0-1

[Event "Mumbai Wealth op U13 4th"]
[Site "Mumbai"]
[Date "2019.01.01"]
[Round "3"]
[White "Yash, Joshi"]
[Black "Bhagyashree, G Patil"]
[Result "1-0"]
[WhiteElo "1389"]
[BlackElo "1215"]
[PlyCount "141"]
[EventDate "2018.12.30"]
[EventType "swiss"]
[EventRounds "9"]
[EventCountry "IND"]
[SourceTitle "CBM 188 Extra"]
[Source "ChessBase"]
[SourceDate "2019.02.26"]
[SourceVersion "1"]
[SourceVersionDate "2019.02.26"]
[SourceQuality "1"]

1. e4 d5 2. exd5 Nf6 3. d4 Nxd5 4. Nf3 Bf5 5. a3 e6 6. Bd3 Bxd3 7. Qxd3 c6 8. Nc3 Nxc3 9. Qxc3 Be7 10. 0-0 0-0 11. Bf4 Nd7 12. Rad1 Nb6 13. Qb3 Qc8 14. Rfe1 Re8 15. Ne5 Bf6 16. Ng4 Be7 17. Qg3 Kh8 18. Ne5 Rf8 19. Rd3 Nd5 20. Rf3 Nxf4 21. Qxf4 f6 22. Nd3 Re8 23. Rfe3 Bf8 24. Qg4 f5 25. Qh5 Qd7 26. c3 Bd6 27. Qe2 Qc7 28. g3 f4 29. Rxe6 Rf8 30. gxf4 Bxf4 31. Nxf4 Qxf4 32. Re4 Qd6 33. Re7 b6 34. Qg4 Qf6 35. Qg3 Rg8 36. R7e6 Qf5 37. Qe5 Qg4+ 38. Kf1 Raf8 39. Qe4 Rf4 40. Qxc6 Qh4 41. Qg2 Rgf8 42. R1e2 Qh5 43. R6e5 Qh6 44. Re8 R4f6 45. Rxf8+ Rxf8 46. Re1 Qd2 47. f3 Qd3+ 48. Kf2 h6 49. Re3 Qd2+ 50. Re2 Qd3 51. Qg4 Qc4 52. Qh5 Qc6 53. Re3 a5 54. Qe5 Qg6 55. d5 Rd8 56. Re4 Kh7 57. Rd4 Re8 58. Qf4 Qc2+ 59. Qd2 Qb3 60. d6 Qf7 61. d7 Rd8 62. Qd3+ Kh8 63. Qb5 Qe6 64. c4 Qh3 65. Qe5 Rxd7 66. Qe8+ Kh7 67. Qxd7 Qxh2+ 68. Ke3 Qxb2 69. Qf5+ g6 70. Qf7+ Kh8 71. Rd8# 1-0